[Event "ARG-chT8 fin email"]
[Site "LADAC email"]
[Date "2006.01.08"]
[Round "?"]
[White "Alvarez, Eduardo"]
[Black "Aakenson, Jose Ricardo"]
[Result "0-1"]
[WhiteElo "2148"]
[BlackElo "2300"]
[PlyCount "72"]
[EventDate "2006.01.01"]
[EventType "tourn (corr)"]
[EventRounds "11"]
[EventCountry "ARG"]
[SourceTitle "Corr 2011"]
[Source "ChessBase"]
[SourceDate "2010.08.31"]
[SourceVersion "1"]
[SourceVersionDate "2010.08.31"]
[SourceQuality "1"]

1. e4 c5 2. Nf3 d6 3. d4 cxd4 4. Nxd4 Nf6 5. Nc3 g6 6. Be3 Bg7 7. f3 0-0 8. Qd2 Nc6 9. 0-0-0 d5 10. exd5 Nxd5 11. Nxc6 bxc6 12. Nxd5 cxd5 13. Qxd5 Qc7 14. Qxa8 Bf5 15. Qxf8+ Kxf8 16. Bd3 Qe5 17. Kd2 Bxd3 18. Kxd3 Qb5+ 19. Kd2 Qxb2 20. Rb1 Qc3+ 21. Kd1 Be5 22. Re1 Qa5 23. Bh6+ Ke8 24. Bd2 Qxa2 25. Rb7 Qa1+ 26. Bc1 Bd6 27. g3 Ba3 28. Kd2 Qd4+ 29. Ke2 Qc4+ 30. Kf2 Bc5+ 31. Kg2 Qxc2+ 32. Kh3 Qc3 33. Rd1 Bd6 34. Rb2 Qxf3 35. Rbd2 f5 36. Rd3 Qg4+ 0-1

[Event "ARG-chT8 fin email"]
[Site "LADAC email"]
[Date "2006.01.08"]
[Round "?"]
[White "Brun, Jorge Humberto"]
[Black "Aakenson, Jose Ricardo"]
[Result "0-1"]
[WhiteElo "2242"]
[BlackElo "2300"]
[PlyCount "48"]
[EventDate "2006.01.01"]
[EventType "tourn (corr)"]
[EventRounds "11"]
[EventCountry "ARG"]
[SourceTitle "Corr 2011"]
[Source "ChessBase"]
[SourceDate "2010.08.31"]
[SourceVersion "1"]
[SourceVersionDate "2010.08.31"]
[SourceQuality "1"]

1. e4 c5 2. Nf3 d6 3. Bc4 Nf6 4. e5 dxe5 5. Nxe5 e6 6. 0-0 Bd6 7. d4 0-0 8. Bg5 Nbd7 9. Re1 cxd4 10. Nxd7 Bxd7 11. Qxd4 Qa5 12. Qd2 Qc7 13. h3 Bc6 14. Bxf6 gxf6 15. Nc3 Be5 16. Bd3 Kh8 17. Bf1 Rg8 18. Nd1 Rad8 19. Qe2 Rd4 20. Rb1 Bf4 21. b3 Re4 22. Ne3 Bh2+ 23. Kh1 Rh4 24. Qd3 Qf4 0-1